Vulfpeck Members - Statistics

General Stats
  • This quiz has been taken 23 times
  • The average score is 10 of 21
Answer Stats
Played On Instrument Answer % Correct
Band Bass Guitar Joe Dart
95%
Band Drums, Vocals, etc. Theo Katzman
95%
Frequent Collaborator Guitar Cory Wong
90%
Band Drums, Keys, Mixing, etc. Jack Stratton/Vulfmon
81%
Frequent Collaborator Vocals Antwaun Stanley
76%
Frequent Collaborator Saxophone, Vocals, etc. Joey Dosik
76%
Band Keys Woody Goss
71%
Game Winner, Baby I Don't Know Oh Oh Vocals, Piano Charles Jones
52%
Something Drums Bernard Purdie
48%
How Much Do You Love Me?, Nice to You Vocals, etc. Jacob Jeffries
48%
Got to Be Mine, Letting Things Go Vocals Evangeline
43%
Running Away, Grandma Guitar David T. Walker
29%
Eddie Buzzsaw, Hit the Target Saxophone Eddie Barbash
29%
For Survival Vocals Mike Viola
24%
Love is a Beautiful Thing, Alone Again Naturally Vocals Monica Martin
24%
Captain Hook Vocals Bootsy Collins
19%
Back Pocket, Mr. Finish Line Vocals Christine Hucal
19%
Running Away, Grandma Drums James Gadson
19%
Business Casual Vocals Coco O.
10%
Conscious Club Vocals Laura Mace
5%
Disco Snails Vocals Zachary Baker
0%
No matching quizzes found
Score Distribution
Percent of People with Each Score
Percentile by Number Answered
Your Score History
You have not taken this quiz